| 000 | 00350nam a2200109Ia 4500 | ||
|---|---|---|---|
| 008 | 171204s9999 xx 000 0 und d | ||
| 245 | _aDisasters and Social Crisis in Contemporary Japan: | ||
| 245 | _cKoichi Nakano and Mark R. Mullins | ||
| 260 | _c2013 | ||
| 650 | _xPolitics and Sociology | ||
| 856 | _uhttp://down.ebook777.com/063/9780415531832.pdf | ||
| 999 |
_c345588 _d345588 |
||